Statistics for 11 most valuable arsenal players 20/21

Click here to take the quiz!

General Stats

  • This quiz has been taken 73 times
  • The average score is 8 of 11

Answer Stats

Value (Millions of Euros)Answer% Correct
65Bukayo Saka
92%
35Pierre-Emerick Aubameyang
91%
35Alexandre Lacazette
88%
25Bernd Leno
77%
22Granit Xhaka
72%
25Gabriel
65%
38Nicolas Pepe
63%
45Thomas Partey
63%
22Gabriel Martinelli
58%
25Hector Bellerin
57%
32Kieran Tierney
57%

Score Distribution

Percentile by Number Answered

Percent of People with Each Score

Your Score History

You have not taken this quiz